[Event "27.Schlosspark-Open"]
[Site "Wiesbaden-Biebrich"]
[Date "2015.08.28"]
[Round "2.26"]
[White "Gutacker, Stephan"]
[Black "Pienski, Olaf"]
[Result "0-1"]
[WhiteElo "1887"]
[BlackElo "2105"]
[PlyCount "80"]
[EventDate "2015.??.??"]
[WhiteTeam "Sfr. Kelkheim"]
[BlackTeam "SF Leherheide"]

1. e4 e6 2. d4 d5 3. Bd3 dxe4 4. Bxe4 Nf6 5. Bg5 Be7 6. Bd3 O-O 7. Nf3 c5 8.
dxc5 Nbd7 9. c6 bxc6 10. O-O Qb6 11. Qc1 Nc5 12. Nbd2 Nxd3 13. cxd3 Rd8 14. Nc4
Qb5 15. Rd1 Bb7 16. Qc2 c5 17. a4 Qd7 18. Nce5 Qc8 19. Rac1 Bd5 20. Be3 Qb7 21.
Qe2 Rac8 22. Ra1 Rb8 23. Rdb1 Nd7 24. Nxd7 Qxd7 25. Ne5 Qb7 26. f3 Qc7 27. Nc4
Bf6 28. Qf2 Rdc8 29. Ra2 Rb3 30. Ra3 Bxc4 31. dxc4 Rxe3 32. Rxe3 Bd4 33. Qe2
Qe5 34. Re1 Rb8 35. Kh1 Qxe3 36. Qxe3 Bxe3 37. Rxe3 Rxb2 38. Kg1 Rb4 39. Rd3
Kf8 40. a5 Ke7 0-1

[Event "27.Schlosspark-Open"]
[Site "Wiesbaden-Biebrich"]
[Date "2015.08.28"]
[Round "2.27"]
[White "Muckle, Julius"]
[Black "Körbel, Ekkehard"]
[Result "1-0"]
[WhiteElo "2101"]
[BlackElo "1871"]
[PlyCount "47"]
[EventDate "2015.??.??"]
[WhiteTeam "SK Ludwigshafen"]
[BlackTeam "SK Geisenheim"]

1. d4 f5 2. c4 Nf6 3. Nc3 e6 4. g3 Bb4 5. Bd2 Bxc3 6. Bxc3 c6 7. Bg2 d5 8. Nf3
O-O 9. O-O b6 10. Rc1 Bb7 11. b3 a5 12. Ne5 Nbd7 13. f3 Rc8 14. Nxd7 Nxd7 15.
e4 f4 16. Bh3 Qe8 17. exd5 exd5 18. Re1 Qd8 19. Qe2 Rc7 20. c5 Bc8 21. cxb6
Nxb6 22. Bxa5 Rb7 23. Be6+ Kh8 24. Rxc6 1-0

[Event "27.Schlosspark-Open"]
[Site "Wiesbaden-Biebrich"]
[Date "2015.08.28"]
[Round "2.28"]
[White "Donecker, Stefan"]
[Black "Bader, Dominic"]
[Result "0-1"]
[WhiteElo "1879"]
[BlackElo "2100"]
[PlyCount "82"]
[EventDate "2015.??.??"]
[WhiteTeam "TuS Dotzheim"]
[BlackTeam "SG Büchenbach/Roth"]

1. e3 d5 2. f4 g6 3. Nf3 Bg7 4. d4 Nh6 5. Bd3 O-O 6. O-O c6 7. Qe1 Bf5 8. Bxf5
Nxf5 9. b3 Nd7 10. Bb2 Nf6 11. Ne5 Ne4 12. Nd2 Nfd6 13. Nxe4 Nxe4 14. Nd3 Qb6
15. Rd1 a5 16. a4 Rad8 17. Ba3 Rfe8 18. Nf2 Nd6 19. Nh1 f6 20. Bc5 Qc7 21. Ng3
b6 22. Ba3 e6 23. Rf2 Nf5 24. Re2 Nxg3 25. Qxg3 e5 26. fxe5 fxe5 27. Bb2 Re6
28. dxe5 Rde8 29. Rd3 Qe7 30. Qe1 Bxe5 31. Bxe5 Rxe5 32. Qc3 c5 33. Red2 d4 34.
Qc4+ Kh8 35. Rf2 dxe3 36. Re2 Qf6 37. Qc3 Rf8 38. Qe1 Rf5 39. Rd1 Qe5 40. Qg3
Qf6 41. Ree1 e2 0-1

[Event "27.Schlosspark-Open"]
[Site "Wiesbaden-Biebrich"]
[Date "2015.08.28"]
[Round "2.29"]
[White "Müller, Philipp"]
[Black "Hoffmann, Jens"]
[Result "1-0"]
[WhiteElo "2095"]
[BlackElo "1852"]
[PlyCount "107"]
[EventDate "2015.??.??"]
[WhiteTeam "SC Neckarsulm"]
[BlackTeam "SF HN-Biberach"]

1. d4 d5 2. c4 e6 3. Nc3 Nf6 4. g3 b6 5. Bg2 Bb7 6. cxd5 exd5 7. e3 Be7 8. Nge2
O-O 9. O-O Re8 10. a3 c6 11. Bd2 Nbd7 12. b4 a6 13. Qb3 b5 14. Rad1 Nb6 15. f3
a5 16. e4 dxe4 17. fxe4 a4 18. Qc2 Nc4 19. Bc1 Qb6 20. Kh1 Rad8 21. Nxa4 Qa6
22. Nc5 Bxc5 23. dxc5 Nxa3 24. Qc3 Rxd1 25. Rxd1 Qa4 26. Rf1 Nc4 27. Bg5 Ng4
28. Ra1 Nf2+ 29. Kg1 Nd1 30. Qd4 Qxb4 31. Rxd1 f6 32. Bd2 Qb3 33. Bc1 Qc2 34.
Nf4 Ne5 35. h3 b4 36. Be3 b3 37. Rc1 Qa2 38. Nd3 Nxd3 39. Qc4+ Kf8 40. Qxd3 b2
41. Rb1 Ba6 42. Qc2 Rd8 43. Rxb2 Qa1+ 44. Rb1 Qa3 45. Qb3 Qa5 46. Qb6 Qxb6 47.
cxb6 Bb7 48. Bf4 g5 49. Bc7 Ra8 50. e5 fxe5 51. Rc1 Ke7 52. Bxc6 Bxc6 53. Rxc6
Kd7 54. b7 1-0

[Event "27.Schlosspark-Open"]
[Site "Wiesbaden-Biebrich"]
[Date "2015.08.28"]
[Round "2.30"]
[White "Siegismund, Florian"]
[Black "Kregelin, Jan"]
[Result "0-1"]
[WhiteElo "1869"]
[BlackElo "2093"]
[PlyCount "62"]
[EventDate "2015.??.??"]
[WhiteTeam "SK Bad Schwalbach"]
[BlackTeam "FVS ASP Hoyerswerda"]

1. d4 Nf6 2. c4 e6 3. Nc3 Bb4 4. a3 Bxc3+ 5. bxc3 c5 6. e3 O-O 7. Bd3 d5 8.
cxd5 exd5 9. Ne2 Nc6 10. O-O Re8 11. a4 c4 12. Bc2 Bg4 13. f3 Bh5 14. Ng3 Bg6
15. Bxg6 hxg6 16. Qc2 a6 17. e4 b5 18. axb5 axb5 19. Bg5 Qd7 20. Bxf6 gxf6 21.
exd5 Qxd5 22. Rxa8 Rxa8 23. Qe4 Rd8 24. Qxd5 Rxd5 25. Ne4 Kg7 26. Ra1 f5 27.
Ra6 Nxd4 28. cxd4 fxe4 29. fxe4 Rxd4 30. Rb6 c3 31. Rxb5 c2 0-1

[Event "27.Schlosspark-Open"]
[Site "Wiesbaden-Biebrich"]
[Date "2015.08.28"]
[Round "2.31"]
[White "Leidorf, Sebastian"]
[Black "Launert, Martin"]
[Result "1/2-1/2"]
[WhiteElo "2069"]
[BlackElo "1846"]
[PlyCount "128"]
[EventDate "2015.??.??"]
[WhiteTeam "SV Bergwinkel"]
[BlackTeam "Sfr. Erbach"]

1. c4 e5 2. g3 c6 3. d4 Bb4+ 4. Bd2 Bxd2+ 5. Qxd2 d6 6. Nc3 Qe7 7. Bg2 Nf6 8.
e3 O-O 9. Nge2 Nbd7 10. b3 Re8 11. h3 Nf8 12. Rd1 Ng6 13. O-O Rb8 14. Kh2 a6
15. dxe5 dxe5 16. Qd6 Be6 17. f4 exf4 18. exf4 Qxd6 19. Rxd6 Ne7 20. g4 Rbd8
21. Rfd1 Rxd6 22. Rxd6 Bc8 23. f5 h6 24. Ng3 Nd7 25. Nge4 f6 26. Rd2 Ne5 27.
Nd6 Rd8 28. Nce4 b5 29. c5 a5 30. a3 Nd5 31. Nxc8 Rxc8 32. Nd6 Rd8 33. Nxb5 Rb8
34. Nd4 Ne3 35. Kg3 Nxg2 36. Kxg2 Kf7 37. Kf2 Rb7 38. Rd1 a4 39. b4 Rd7 40. Ke1
Rd5 41. Nc2 Nd3+ 42. Kf1 Nxb4 43. Rxd5 Nxd5 44. Nd4 Ne3+ 45. Ke2 Nc4 46. Nc2 g6
47. Kd3 Ne5+ 48. Kc3 h5 49. fxg6+ Kxg6 50. gxh5+ Kxh5 51. Kb4 Nd3+ 52. Kxa4
Nxc5+ 53. Kb4 Nb7 54. Kc4 Kh4 55. Nb4 Kxh3 56. Nxc6 f5 57. Ne5 Kg3 58. Kd5 f4
59. a4 f3 60. Nxf3 Kxf3 61. Kc6 Na5+ 62. Kb5 Nb7 63. Kb6 Nd6 64. Kc6 Nc4
1/2-1/2

[Event "27.Schlosspark-Open"]
[Site "Wiesbaden-Biebrich"]
[Date "2015.08.28"]
[Round "2.32"]
[White "Köllner, Ruben Gideon"]
[Black "Tran, Thanh Kien"]
[Result "0-1"]
[WhiteElo "1790"]
[BlackElo "2082"]
[PlyCount "102"]
[EventDate "2015.??.??"]
[WhiteTeam "SV Bergneustadt/Derschlag"]
[BlackTeam "SC Böblingen"]

1. d4 Nf6 2. Nf3 g6 3. e3 Bg7 4. Nbd2 O-O 5. Bd3 d6 6. O-O Nc6 7. c3 e5 8. dxe5
Nxe5 9. Nxe5 dxe5 10. Bc2 Qe7 11. Qe2 e4 12. Re1 Bf5 13. Nf1 Rad8 14. Ng3 Bd7
15. Bd2 Bg4 16. f3 exf3 17. gxf3 Bxf3 18. Qxf3 Rxd2 19. Re2 Rxe2 20. Qxe2 h5
21. Qf3 Ng4 22. Re1 Qf6 23. Qxf6 Bxf6 24. h3 Ne5 25. Rd1 Bg5 26. Kf2 Nc4 27.
Nf1 Nd6 28. Kf3 Re8 29. e4 Nc4 30. b3 Ne5+ 31. Kf2 Re6 32. Nd2 Kf8 33. Nc4 Nxc4
34. bxc4 Bf6 35. Rd7 Be5 36. Bb3 Bd6 37. Kf3 Rf6+ 38. Ke2 a6 39. c5 Be5 40.
Rd8+ Ke7 41. Rb8 g5 42. Rxb7 g4 43. hxg4 hxg4 44. Bc4 Bh2 45. Ke1 Be5 46. Ke2
g3 47. Rb1 Rf2+ 48. Ke3 Bf4+ 49. Kd4 Rd2+ 50. Bd3 g2 51. e5 Bh2 0-1

[Event "27.Schlosspark-Open"]
[Site "Wiesbaden-Biebrich"]
[Date "2015.08.28"]
[Round "2.33"]
[White "Kreiling, Carsten"]
[Black "Ley, Sabrina"]
[Result "1/2-1/2"]
[WhiteElo "2072"]
[BlackElo "1833"]
[PlyCount "41"]
[EventDate "2015.??.??"]
[WhiteTeam "SVG Eppstein"]
[BlackTeam "SV Lahnstein"]

1. d4 d5 2. c4 dxc4 3. e4 Nf6 4. e5 Nd5 5. Bxc4 Nb6 6. Bd3 Nc6 7. Ne2 Bg4 8. f3
Bd7 9. Be3 Nb4 10. Be4 c6 11. Nd2 N4d5 12. Bf2 f5 13. exf6 exf6 14. O-O f5 15.
Bd3 Be7 16. f4 O-O 17. Nf3 Rc8 18. Rc1 Be6 19. a3 Nf6 20. Qc2 Ng4 21. b4
1/2-1/2

[Event "27.Schlosspark-Open"]
[Site "Wiesbaden-Biebrich"]
[Date "2015.08.28"]
[Round "2.34"]
[White "Leck, Gerrit"]
[Black "Karsay, Pascal"]
[Result "0-1"]
[WhiteElo "1836"]
[BlackElo "2071"]
[PlyCount "70"]
[EventDate "2015.??.??"]
[WhiteTeam "SV Lahn Limburg"]
[BlackTeam "Vorw.Orient Mainz"]

1. e4 c5 2. Nf3 e6 3. d4 cxd4 4. Nxd4 a6 5. Bd3 Bc5 6. Nb3 Be7 7. O-O d6 8. c4
Nf6 9. Nc3 Qc7 10. Qe2 Nbd7 11. f4 b6 12. Be3 Bb7 13. Rac1 h5 14. Nd2 Nc5 15.
Bb1 Ng4 16. b4 Nxe3 17. Qxe3 Nd7 18. a3 Rb8 19. Bd3 Nf6 20. Rce1 Ng4 21. Qe2
Bf6 22. Rc1 g5 23. f5 Bd4+ 24. Kh1 d5 25. Nf3 Bxc3 26. Rxc3 d4 27. Rcc1 exf5
28. h3 Kf8 29. hxg4 hxg4+ 30. Kg1 gxf3 31. Qxf3 Qh2+ 32. Kf2 Bxe4 33. Bxe4 Qh4+
34. Qg3 fxe4 35. Qxh4 Rxh4 0-1

[Event "27.Schlosspark-Open"]
[Site "Wiesbaden-Biebrich"]
[Date "2015.08.28"]
[Round "2.35"]
[White "Feicht, Arno"]
[Black "Niedenthal, Robert"]
[Result "1-0"]
[WhiteElo "2057"]
[BlackElo "1811"]
[PlyCount "73"]
[EventDate "2015.??.??"]
[WhiteTeam "SC Butzbach"]
[BlackTeam "SV Hofheim"]

1. d4 d5 2. Nc3 Bf5 3. f3 Bg6 4. e4 dxe4 5. fxe4 e5 6. Nf3 exd4 7. Qxd4 Qxd4 8.
Nxd4 c6 9. Bf4 Bb4 10. O-O-O Ne7 11. Bd2 O-O 12. Bd3 Nd7 13. a3 Bc5 14. Nb3 Bd6
15. Be3 Rfd8 16. Na5 Bc5 17. Bf4 b6 18. Nb7 Re8 19. Be2 Nf6 20. b4 Bf2 21. Rhf1
Bh4 22. g3 Nxe4 23. Nxe4 Nd5 24. Nbd6 Nxf4 25. Rxf4 Bg5 26. Nxg5 Rxe2 27. Rd2
Re1+ 28. Kb2 a5 29. Nc4 axb4 30. axb4 h6 31. Nf3 Rea1 32. Rd8+ Rxd8 33. Kxa1
Bxc2 34. Nxb6 Rd3 35. Kb2 Bd1 36. Ne5 Bh5 37. Nxd3 1-0

[Event "27.Schlosspark-Open"]
[Site "Wiesbaden-Biebrich"]
[Date "2015.08.28"]
[Round "2.36"]
[White "Weiland, Thomas"]
[Black "Fucik, Timo"]
[Result "0-1"]
[WhiteElo "1832"]
[BlackElo "2033"]
[PlyCount "54"]
[EventDate "2015.??.??"]
[WhiteTeam "SV Oberursel"]
[BlackTeam "SK Ettlingen"]

1. e4 c5 2. Nf3 d6 3. Nc3 Nc6 4. d4 cxd4 5. Nxd4 g6 6. Be3 Bg7 7. Be2 Nf6 8.
O-O O-O 9. Bf3 Bd7 10. Re1 Qa5 11. Nb3 Qc7 12. Bg5 Be6 13. Bxf6 Bxf6 14. Nd5
Bxd5 15. exd5 Ne5 16. c3 Rac8 17. Be2 Nc4 18. Qc2 b5 19. Nd2 Nxb2 20. Qxb2 Bxc3
21. Qc1 Qa5 22. Nb3 Qa4 23. Bd3 b4 24. Qd1 Bxe1 25. Qxe1 Rc3 26. Qe2 Rxb3 27.
Qc2 Ra3 0-1

[Event "27.Schlosspark-Open"]
[Site "Wiesbaden-Biebrich"]
[Date "2015.08.28"]
[Round "2.37"]
[White "Pravez, Luca"]
[Black "Seidel, Jürgen"]
[Result "1-0"]
[WhiteElo "1816"]
[BlackElo "2029"]
[PlyCount "47"]
[EventDate "2015.??.??"]
[WhiteTeam "SSV Bruchsal"]
[BlackTeam "TuS Dotzheim"]

1. e4 d6 2. d4 Nf6 3. Nc3 e5 4. Nf3 Nbd7 5. Bc4 Be7 6. Be3 c6 7. dxe5 dxe5 8.
Qe2 Qa5 9. O-O O-O 10. a3 Qc7 11. h3 Nc5 12. Ng5 h6 13. Nxf7 Ne6 14. Nxh6+ gxh6
15. Bxh6 Rf7 16. Rad1 Rh7 17. Be3 Kh8 18. Rd3 Nh5 19. Qd2 Nef4 20. Bxf4 Nxf4
21. Rg3 Bd7 22. Rd1 Rd8 23. Qxd7 Rxd7 24. Rg8# 1-0

[Event "27.Schlosspark-Open"]
[Site "Wiesbaden-Biebrich"]
[Date "2015.08.28"]
[Round "2.38"]
[White "Köllner, Christof"]
[Black "Zeyen, Helmut"]
[Result "1-0"]
[WhiteElo "2021"]
[BlackElo "1811"]
[PlyCount "100"]
[EventDate "2015.??.??"]
[WhiteTeam "SV Bergneustadt/Derschlag"]
[BlackTeam "Wiesbadener SV"]

1. d4 d5 2. Nf3 Nc6 3. e3 Nf6 4. c4 Bg4 5. Qb3 Bxf3 6. gxf3 Rb8 7. Nc3 e6 8.
cxd5 Nxd5 9. Bd2 Bb4 10. Nxd5 Bxd2+ 11. Kxd2 Qxd5 12. Qxd5 exd5 13. Bb5 a6 14.
Bxc6+ bxc6 15. b3 Kd7 16. Rac1 Rhe8 17. Rhg1 g6 18. Kd3 f5 19. Rc5 Rb5 20. Rgc1
Rxc5 21. Rxc5 Rb8 22. h4 Rb5 23. Rc1 Rb8 24. Rg1 Ke6 25. f4 Rd8 26. Kc3 Rb8 27.
Kb2 Kd6 28. h5 Rg8 29. b4 Ke6 30. Kb3 Kd6 31. Ka4 c5 32. dxc5+ Kc6 33. Ka5 Kb7
34. hxg6 hxg6 35. b5 axb5 36. Kxb5 c6+ 37. Kb4 Kc7 38. a4 Rb8+ 39. Ka3 Rg8 40.
Kb3 Rb8+ 41. Kc3 Rg8 42. Kd4 Ra8 43. Rxg6 Rxa4+ 44. Ke5 Re4+ 45. Kxf5 Rc4 46.
Rg7+ Kc8 47. Ke6 Rxc5 48. f5 Rc2 49. f6 Rxf2 50. f7 Kb8 1-0

[Event "27.Schlosspark-Open"]
[Site "Wiesbaden-Biebrich"]
[Date "2015.08.28"]
[Round "2.39"]
[White "Wachsmann, Dietmar"]
[Black "Kolker, Vladislav"]
[Result "0-1"]
[WhiteElo "1811"]
[BlackElo "2021"]
[PlyCount "44"]
[EventDate "2015.??.??"]
[WhiteTeam "SC Groß-Umstadt"]
[BlackTeam "SC Bad Nauheim"]

1. e4 e5 2. Nf3 Nc6 3. Bb5 f5 4. Nc3 fxe4 5. Nxe4 Nf6 6. Nxf6+ Qxf6 7. Qe2 d6
8. Bxc6+ bxc6 9. d4 Bg4 10. dxe5 Bxf3 11. exf6+ Bxe2 12. fxg7 Bxg7 13. Kxe2 Kd7
14. c3 Rab8 15. Kd3 Rhe8 16. b3 c5 17. Be3 Kc6 18. Rae1 d5 19. f4 a5 20. Rhf1
a4 21. bxa4 Rb2 22. Rf2 c4# 0-1

[Event "27.Schlosspark-Open"]
[Site "Wiesbaden-Biebrich"]
[Date "2015.08.28"]
[Round "2.40"]
[White "Carow, Annelen"]
[Black "Triantafillidis, Simeon"]
[Result "1-0"]
[WhiteElo "2114"]
[BlackElo "1513"]
[PlyCount "75"]
[EventDate "2015.??.??"]
[WhiteTeam "SF Heidesheim"]
[BlackTeam "SF HN-Biberach"]

1. d4 c5 2. d5 d6 3. c4 e5 4. e4 Be7 5. Bd3 Nf6 6. Nc3 O-O 7. Nf3 Ne8 8. O-O g6
9. Nd2 Ng7 10. Rb1 f5 11. exf5 Nxf5 12. Nde4 Nd7 13. a3 Nf6 14. b4 b6 15. Be3
Ng4 16. Qd2 Ngxe3 17. fxe3 Bg5 18. Rf3 Re8 19. Rbf1 Nd4 20. Rg3 Bh4 21. exd4
exd4 22. Nd1 Bf5 23. Nf6+ Qxf6 24. Rxf5 Qe7 25. Rg4 Qd7 26. Rff4 Re1+ 27. Bf1
g5 28. Rxh4 Rxf1+ 29. Rxf1 gxh4 30. Qg5+ Kh8 31. Qxh4 Rg8 32. Qf6+ Rg7 33. Nf2
a6 34. Re1 b5 35. cxb5 axb5 36. Ng4 d3 37. Qf8+ Rg8 38. Qxg8+ 1-0

[Event "27.Schlosspark-Open"]
[Site "Wiesbaden-Biebrich"]
[Date "2015.08.28"]
[Round "2.41"]
[White "Hegener, Thorsten"]
[Black "Hermannsdörfer, Frank"]
[Result "0-1"]
[WhiteElo "1742"]
[BlackElo "2193"]
[PlyCount "103"]
[EventDate "2015.??.??"]
[WhiteTeam "SC Eschborn"]
[BlackTeam "SV Liebschwitz"]

1. d4 d6 2. c4 Nf6 3. g3 Bf5 4. Nf3 c6 5. Bg2 Qc8 6. O-O g6 7. Nc3 Ne4 8. Nxe4
Bxe4 9. Ng5 Bxg2 10. Kxg2 h6 11. Nf3 Bg7 12. e4 O-O 13. e5 dxe5 14. Nxe5 c5 15.
f4 cxd4 16. Qxd4 Nc6 17. Qd5 Nxe5 18. fxe5 e6 19. Qe4 Qc7 20. Rf6 Qc6 21. Qxc6
bxc6 22. Rf2 Rfd8 23. Bd2 Bxe5 24. Bxh6 Bd4 25. Rd2 Bg7 26. Rxd8+ Rxd8 27. Bxg7
Kxg7 28. Rf1 f5 29. Kf3 e5 30. Ke2 c5 31. Rf3 Rd4 32. Ra3 Rxc4 33. Rxa7+ Kf6
34. Kd2 Rd4+ 35. Ke2 Rb4 36. b3 c4 37. Ra6+ Kg5 38. h4+ Kh5 39. bxc4 Rxc4 40.
Kf3 Rc2 41. a4 e4+ 42. Kf4 Rf2+ 43. Ke5 Rf3 44. g4+ fxg4 45. Kxe4 Rf1 46. Rb6
g3 47. Rb2 Kxh4 48. a5 Kh3 49. a6 g2 50. Rb3+ Kh4 51. a7 g1=Q 52. a8=Q 0-1

[Event "27.Schlosspark-Open"]
[Site "Wiesbaden-Biebrich"]
[Date "2015.08.28"]
[Round "2.42"]
[White "Meding, Olaf"]
[Black "Minor, Samuel"]
[Result "0-1"]
[WhiteElo "1764"]
[BlackElo "2160"]
[PlyCount "28"]
[EventDate "2015.??.??"]
[WhiteTeam "SF Mainz"]
[BlackTeam "Wiesbadener SV"]

1. d4 f5 2. Nc3 Nf6 3. e3 b6 4. Qf3 d5 5. Bd3 e6 6. Nce2 Bd6 7. Ng3 O-O 8. c3
c5 9. b3 Nc6 10. Bd2 Ne4 11. Qd1 e5 12. dxe5 Bxe5 13. Qc2 Nb4 14. Qb1 Nxc3 0-1

[Event "27.Schlosspark-Open"]
[Site "Wiesbaden-Biebrich"]
[Date "2015.08.28"]
[Round "2.43"]
[White "Lesny, Florian"]
[Black "Busche, Stefan"]
[Result "1/2-1/2"]
[WhiteElo "1684"]
[BlackElo "2117"]
[PlyCount "90"]
[EventDate "2015.??.??"]
[WhiteTeam "SK Niederbrechen"]
[BlackTeam "SVG Saarbrücken"]

1. e4 c5 2. Nf3 e6 3. d4 cxd4 4. Nxd4 Nc6 5. c4 Nf6 6. Nc3 Bb4 7. Qd3 O-O 8.
Bd2 a6 9. Be2 Qc7 10. Nxc6 dxc6 11. O-O Rd8 12. Bf4 Rxd3 13. Bxc7 Rd7 14. Be5
Bxc3 15. Bxc3 Nxe4 16. Ba5 Nf6 17. Rfd1 Rxd1+ 18. Rxd1 Bd7 19. g4 h6 20. h4 Be8
21. g5 hxg5 22. hxg5 Ne4 23. f4 c5 24. Bf3 Bc6 25. Bxe4 Bxe4 26. Rd8+ Rxd8 27.
Bxd8 Bd3 28. Bb6 Bxc4 29. a3 Kh7 30. Bxc5 Kg6 31. Kf2 e5 32. Bd6 exf4 33. Bxf4
Kf5 34. Kg3 b5 35. Bd2 a5 36. Bc3 Kxg5 37. Bxg7 Kf5 38. Bc3 a4 39. Kf2 Ke4 40.
Bf6 Kd3 41. Be5 Kc2 42. Ke3 Kb3 43. Kd2 Bd5 44. Bf6 Be6 45. Ke3 b4 1/2-1/2

[Event "27.Schlosspark-Open"]
[Site "Wiesbaden-Biebrich"]
[Date "2015.08.28"]
[Round "2.44"]
[White "Björknes, Uwe"]
[Black "Jordake, Michael"]
[Result "1/2-1/2"]
[WhiteElo "2079"]
[BlackElo "1820"]
[PlyCount "73"]
[EventDate "2015.??.??"]
[WhiteTeam "vereinlos"]
[BlackTeam "SC Bergen-Enkheim"]

1. e4 e5 2. Nf3 Nc6 3. Bb5 Nf6 4. O-O d6 5. Re1 Bd7 6. c3 Be7 7. d4 O-O 8. Nbd2
Nxd4 9. cxd4 Bxb5 10. dxe5 dxe5 11. Nxe5 Bb4 12. a3 Ba5 13. b4 Qd4 14. Ra2 Bb6
15. Ndc4 Qxd1 16. Rxd1 Rad8 17. Rad2 Rxd2 18. Nxd2 Rd8 19. Re1 Bd4 20. Nef3 Bb6
21. h3 Nh5 22. Nf1 Re8 23. g4 Nf6 24. Ng3 Bc6 25. Nd2 Bd4 26. Kg2 Bc3 27. f3
Rd8 28. Ngf1 Rd3 29. Re3 Rxe3 30. Nxe3 b5 31. Kf2 Be5 32. Nf5 Kf8 33. Nb3 g6
34. Nfd4 Be8 35. Ke3 g5 36. Kd3 h6 37. Nf5 1/2-1/2

[Event "27.Schlosspark-Open"]
[Site "Wiesbaden-Biebrich"]
[Date "2015.08.28"]
[Round "2.45"]
[White "Traut, Stefan"]
[Black "Frey, Thomas"]
[Result "1/2-1/2"]
[WhiteElo "1723"]
[BlackElo "2079"]
[PlyCount "37"]
[EventDate "2015.??.??"]
[WhiteTeam "SF Heusenstamm"]
[BlackTeam "SV Reutlingen"]

1. d4 Nf6 2. Nf3 b6 3. g3 Bb7 4. Bg2 e6 5. c4 Be7 6. O-O O-O 7. Nc3 Ne4 8. Qc2
Nxc3 9. Qxc3 f5 10. Be3 Bf6 11. Qd2 Qe7 12. Bg5 Bxg5 13. Qxg5 Qxg5 14. Nxg5
Bxg2 15. Kxg2 Nc6 16. e3 Ne7 17. Rfd1 h6 18. Nf3 d6 19. Rac1 1/2-1/2

[Event "27.Schlosspark-Open"]
[Site "Wiesbaden-Biebrich"]
[Date "2015.08.28"]
[Round "2.46"]
[White "Werner, Dimo"]
[Black "Büse, Ralf"]
[Result "1/2-1/2"]
[WhiteElo "2063"]
[BlackElo "1723"]
[PlyCount "23"]
[EventDate "2015.??.??"]
[WhiteTeam "TSV Schott Mainz"]
[BlackTeam "SC Groß-Zimmern"]

1. d4 Nf6 2. Nf3 g6 3. c4 Bg7 4. Nc3 d6 5. g3 O-O 6. Bg2 c5 7. O-O Nc6 8. dxc5
dxc5 9. Be3 Be6 10. Qa4 Qb6 11. Qb5 Qc7 12. Ng5 1/2-1/2

[Event "27.Schlosspark-Open"]
[Site "Wiesbaden-Biebrich"]
[Date "2015.08.28"]
[Round "2.47"]
[White "Peschk, Kathrin"]
[Black "Berberich, Christoph"]
[Result "0-1"]
[WhiteElo "1309"]
[BlackElo "2059"]
[PlyCount "88"]
[EventDate "2015.??.??"]
[WhiteTeam "SV Groß-Gerau"]
[BlackTeam "SF Zähringen"]

1. f4 d5 2. Nf3 Nf6 3. d4 c5 4. e3 g6 5. c3 Bg7 6. Nbd2 Nbd7 7. Bd3 O-O 8. O-O
Qc7 9. Ne5 Nxe5 10. fxe5 Ng4 11. Nf3 f6 12. h3 fxe5 13. Be2 Nh6 14. dxe5 Be6
15. Ng5 Rxf1+ 16. Qxf1 Qxe5 17. Nxe6 Qxe6 18. Bf3 Rd8 19. Bd2 Qb6 20. Rb1 e5
21. b3 e4 22. Be2 Rf8 23. Qe1 Nf5 24. Bg4 Be5 25. Bxf5 gxf5 26. Kh1 Qg6 27. Rd1
Qg3 28. Qxg3+ Bxg3 29. Rf1 Kg7 30. Bc1 Kg6 31. a3 h5 32. Rd1 Rd8 33. Kg1 Be5
34. Bb2 b5 35. Kf2 b4 36. Rc1 bxc3 37. Bxc3 d4 38. exd4 cxd4 39. Bb4 f4 40.
Rc6+ Kf5 41. Rh6 Kg5 42. Re6 Rd5 43. Re7 a5 44. Be1 d3 0-1

[Event "27.Schlosspark-Open"]
[Site "Wiesbaden-Biebrich"]
[Date "2015.08.28"]
[Round "2.48"]
[White "Seickel, Ralf"]
[Black "Kirchner, Markus"]
[Result "1-0"]
[WhiteElo "2046"]
[BlackElo "1633"]
[PlyCount "125"]
[EventDate "2015.??.??"]
[WhiteTeam "vereinslos"]
[BlackTeam "SF Schöneck"]

1. Nf3 Nf6 2. d4 d6 3. c4 Nbd7 4. Nc3 g6 5. e4 e5 6. Be2 Bg7 7. O-O O-O 8. d5
Nc5 9. Qc2 a5 10. Bg5 Bd7 11. b3 b6 12. Nd2 h6 13. Be3 Kh7 14. a3 Qe7 15. b4
Nb7 16. Nb5 Rac8 17. Rfc1 Bg4 18. f3 Bd7 19. c5 bxc5 20. bxc5 Bxb5 21. Bxb5
dxc5 22. Bc6 Nd6 23. Qxc5 Nh5 24. Bb7 Rb8 25. Ba6 Ra8 26. Bf1 Rfc8 27. a4 Qd8
28. Nc4 Bf8 29. Qc6 Nxc4 30. Rxc4 Bd6 31. Rb1 Qe8 32. Qxe8 Rxe8 33. Bc5 Bxc5+
34. Rxc5 Ra7 35. Bb5 Rb8 36. Rbc1 Rbb7 37. Bc6 Rb8 38. Bd7 Rd8 39. Bh3 Nf4 40.
Rxc7 Ra6 41. Rxf7+ Kg8 42. Re7 Ne2+ 43. Kf2 Nxc1 44. Be6+ Kh8 45. Ke3 Nb3 46.
f4 Nc5 47. Bh3 exf4+ 48. Kd4 Nxa4 49. e5 Nb6 50. d6 Nd7 51. Bxd7 a4 52. Be6 a3
53. Ba2 Raxd6+ 54. exd6 Rxd6+ 55. Kc3 Rf6 56. Rf7 Rc6+ 57. Kb3 g5 58. Kxa3 Rc2
59. Bd5 Rf2 60. h3 Rd2 61. Bf3 h5 62. Rf5 Kg7 63. Rxg5+ 1-0

[Event "27.Schlosspark-Open"]
[Site "Wiesbaden-Biebrich"]
[Date "2015.08.28"]
[Round "2.49"]
[White "Muuss, Klaus"]
[Black "Kirschner, Philipp"]
[Result "0-1"]
[WhiteElo "2029"]
[BlackElo "1646"]
[PlyCount "112"]
[EventDate "2015.??.??"]
[WhiteTeam "VSF Flintbek"]
[BlackTeam "Sfr. Kelkheim"]

1. e4 Nf6 2. e5 Nd5 3. d4 d6 4. Nf3 Bg4 5. Bc4 e6 6. O-O Be7 7. exd6 Bxd6 8.
Bxd5 exd5 9. Re1+ Be7 10. Bg5 f6 11. Bf4 Nc6 12. c3 Qd7 13. Nbd2 h5 14. b4 g5
15. Be3 Kf7 16. b5 Na5 17. Qa4 b6 18. Bxg5 a6 19. Bh4 Rag8 20. Qc2 Bxf3 21.
Nxf3 Qg4 22. Rxe7+ Kxe7 23. Qe2+ Kf7 24. Bg3 Re8 25. Qd3 Qe4 26. Qxe4 dxe4 27.
Nh4 axb5 28. Bxc7 Nc4 29. Nf5 Rc8 30. Bf4 Ra8 31. h3 Ke6 32. Ng3 f5 33. Rb1 h4
34. Nf1 Ra5 35. Ne3 Nxe3 36. fxe3 Kd5 37. Bc7 Kc6 38. Be5 Rc8 39. Rf1 Rf8 40.
Rf4 Rxa2 41. Rxh4 Rg8 42. g4 Kd5 43. Kf1 fxg4 44. hxg4 Rc8 45. Rh6 Rf8+ 46. Bf4
Rxf4+ 47. exf4 e3 48. Rxb6 Ke4 49. Rxb5 Kf3 50. Rb1 Rf2+ 51. Kg1 Rg2+ 52. Kh1
e2 53. Re1 Rxg4 54. d5 Rxf4 55. d6 Rf6 56. d7 Rd6 0-1

[Event "27.Schlosspark-Open"]
[Site "Wiesbaden-Biebrich"]
[Date "2015.08.28"]
[Round "2.50"]
[White "Schöber, Sebastian"]
[Black "Bühler, Severin"]
[Result "1/2-1/2"]
[WhiteElo "1943"]
[BlackElo "1622"]
[PlyCount "48"]
[EventDate "2015.??.??"]
[WhiteTeam "SC Diez"]
[BlackTeam "SK Schwäbisch Hall"]

1. Nf3 Nf6 2. c4 g6 3. g3 Bg7 4. Bg2 O-O 5. O-O d6 6. Nc3 c5 7. Rb1 Nc6 8. a3
Bf5 9. d3 Nd7 10. e4 Bg4 11. h3 Bxf3 12. Bxf3 Nd4 13. Bg2 Rb8 14. Be3 a6 15.
Nd5 e6 16. Nf4 b5 17. cxb5 axb5 18. b4 Qc7 19. Ne2 Nxe2+ 20. Qxe2 Rfc8 21. bxc5
dxc5 22. Rfc1 Qa7 23. f4 Qxa3 24. e5 Qa5 1/2-1/2

[Event "27.Schlosspark-Open"]
[Site "Wiesbaden-Biebrich"]
[Date "2015.08.28"]
[Round "2.51"]
[White "Usczeck, Alina"]
[Black "Eg, Karlheinz"]
[Result "1/2-1/2"]
[WhiteElo "1623"]
[BlackElo "1869"]
[PlyCount "43"]
[EventDate "2015.??.??"]
[WhiteTeam "VfR-SC Koblenz"]
[BlackTeam "SV Rüsselsheim"]

1. e4 e5 2. Nf3 Nc6 3. d4 exd4 4. Nxd4 Bc5 5. Be3 Qf6 6. Nb5 Bxe3 7. fxe3 Qh4+
8. g3 Qd8 9. Qg4 g6 10. Qf4 d6 11. Bc4 Be6 12. Bxe6 fxe6 13. O-O Kd7 14. N1c3
a6 15. Nd4 Ne5 16. Nf3 Nxf3+ 17. Qxf3 Ne7 18. Qg4 Qg8 19. Rf6 h5 20. Qh3 g5 21.
Raf1 g4 22. Qg2 1/2-1/2

[Event "27.Schlosspark-Open"]
[Site "Wiesbaden-Biebrich"]
[Date "2015.08.28"]
[Round "2.52"]
[White "Deutsch, Oliver"]
[Black "Bolduan, Michael"]
[Result "0-1"]
[WhiteElo "1124"]
[BlackElo "1867"]
[PlyCount "68"]
[EventDate "2015.??.??"]
[WhiteTeam "SK Gründau"]
[BlackTeam "SC Taunusstein"]

1. e4 e6 2. d4 d5 3. exd5 exd5 4. Bd3 Nc6 5. Nf3 Bg4 6. c3 Bd6 7. O-O Qd7 8.
Nbd2 Nge7 9. Qc2 h6 10. h3 Bxh3 11. gxh3 Qxh3 12. Re1 O-O-O 13. Ne5 Nxe5 14.
dxe5 Bc5 15. Nb3 Qg4+ 16. Kf1 Bb6 17. Be3 h5 18. Bxb6 axb6 19. Qd1 Qh3+ 20. Ke2
c5 21. Bc2 Qg4+ 22. Kd2 Qf4+ 23. Ke2 d4 24. Qd2 Qxe5+ 25. Kf1 Qf6 26. Qe2 Nf5
27. Bxf5+ Qxf5 28. Qe4 Qh3+ 29. Qg2 Qd3+ 30. Re2 dxc3 31. Qxg7 cxb2 32. Qxb2
Rhg8 33. Qd2 Qh3+ 34. Ke1 Rg1# 0-1